000 00312nam a22001337a 4500
008 170713b xxu||||| |||| 00| 0 eng d
020 _a9781852961503
041 _aeng
080 _a038
100 _a23
101 _aFJA
245 _aCHAMBERS SCIENCE AND TECHNOLOGY DICTIONARY
_cWALKER,M.B
942 _2udc
_cBK
999 _c20436
_d20436